00434nam a2200157Ia 450000500170000000800410001702000170005804100120007508200160008710000260010324500670012925000080019626000150020450000140021965000430023320240913125542.0240913s9999||||xx |||||||||||||| ||und|| a0230-63419-2 aENGLISH A629.1323 P7 aKonar D Eds. & et al. 0aRecent Trends in Applied Aerodynamics and Design : Proceedings a1st c2007bMacm aREFERENCE aAerodynamicsbAeronautical Engineering